| 000 | 00716nam a2200241Ia 4500 | ||
|---|---|---|---|
| 003 | OSt | ||
| 005 | 20220924113126.0 | ||
| 006 | a|||||r|||| 00| 0 | ||
| 007 | ta | ||
| 008 | 220923b |||||||| |||| 00| 0 eng d | ||
| 024 | _a60933 | ||
| 037 | _cDictionary | ||
| 040 |
_aARTS _cARTS _beng |
||
| 041 |
_2eng _aeng |
||
| 082 | _aP41:4k, 111K3 | ||
| 100 |
_aInnes A R _9169523 |
||
| 245 | 0 | _aBeginner's dictionary of Chinese Japanese character with common abberviations variants and numerous compounds | |
| 260 |
_aParis _bLibrairic D' Amerique _c1943 |
||
| 300 |
_axix, 507p. _ccm. |
||
| 650 | _aLINGUISTICS | ||
| 942 |
_hP41:4k, 111K3 _cdic _2cc |
||
| 999 |
_c389303 _d389303 |
||